000 00370nam a2200145Ia 4500
008 230917s9999||||xx |||||||||||||| ||und||
040 _e78279
_aMAIN
041 _aEnglish
082 _a340 T159W
100 _aTanwar, Reicha, ed
245 0 _aWomen: human rights religion and violence
260 _aKurukshetra
_bNirmal Book
_c1998
300 _a241 p.
942 _cBK
999 _c101405
_d101405